Podział administracyjny Francji - Statystyki

Ogólne statystyki
  • Ten quiz został rozwiązany 106 razy
  • Średni wynik to 6 z 13
Statystyki odpowiedzi
Regiony % Poprawnych
Normandia
71%
Bretania
63%
Ile-de-France
63%
Korsyka
54%
Oksytania
51%
Grand Est
46%
Kraj Loary
46%
Nowa Akwitania
40%
Dolina Loary
37%
Hauts-de-France
37%
Prowansja-Alpy-Lazurowe Wybrzeże
23%
Owernia-Rodan-Alpy
17%
Burgundia-Franche-Comté
14%
Nie znaleziono quizów pasujących do podanych kryteriów
Rozkład punktacji
Procent ludzi z każdym wynikiem
Percentyl według liczby udzielonych odpowiedzi
Twoja historia wyników
Nie rozwiązałeś tego quizu